000 01075nam a2200337 i 4500
001 000048869
003 DO-SdBNP
005 20251125083856.0
007 ta
008 190424s2016 dr r 000 0 spa d
020 _a9789945600346
040 _aDO-SdBNP
_bspa
_cBNPHU
_erda
041 _aspa
082 _axxxx
_bF996
_222
245 0 0 _aFuturos en el mismo trayecto del sol /
_cMoisés Santana Castro...[et al.]. prólogo y compilación Odilus Vlak.
264 _aSanto Domingo :
_bEditorial Santuario,
_c2016.
300 _a122 páginas ;
_c23 cm.
336 _ardacontent
_btexto
_2txt
337 _ardamedia
_bsin mediación
_2n
338 _ardacarrier
_bvolumen
_2nc
590 _aInventariado, 2025/DG
700 1 _aSantana Castro, Moisés
_976314
700 1 _aBáez, Rodolfo
_945445
700 1 _aGoth, Markus E.
_976315
700 1 _aGonzález Cabrera, Manuel Antonio
_976316
700 1 _aVicconius Zariah, Morgan
_976317
700 1 _aDomínguez, Peter
_976318
700 1 _aVlak, Odilus,
_epról. y comp.
_976319
910 _aDG
942 _2ddc
_cLBS1
999 _c48357
_d48357